[Event "Foment Martinenc 15th"]
[Site "Barcelona"]
[Date "2013.05.04"]
[Round "3"]
[White "Sanchez Ibern, Marc"]
[Black "Ryan, Joseph"]
[Result "0-1"]
[WhiteElo "2358"]
[BlackElo "2298"]
[PlyCount "126"]
[EventDate "2013.04.20"]
[EventType "tourn"]
[EventRounds "9"]
[EventCountry "ESP"]
[EventCategory "3"]
[SourceTitle "CBM 154 Extra"]
[Source "ChessBase"]
[SourceDate "2013.06.25"]
[SourceVersion "2"]
[SourceVersionDate "2013.06.25"]
[SourceQuality "1"]

1. e4 e6 2. d4 d5 3. Nc3 Bb4 4. Nge2 Nf6 5. Bg5 dxe4 6. a3 Be7 7. Bxf6 gxf6 8. Nxe4 f5 9. N4c3 c6 10. g3 b6 11. Bg2 Bb7 12. Qd2 Nd7 13. 0-0-0 Qc7 14. Rhe1 0-0-0 15. Kb1 Nf6 16. Nc1 h5 17. h4 Ng4 18. Nb3 Kb8 19. Qe2 Rd7 20. f3 Nf6 21. Qe5 Rg8 22. Ne2 Qxe5 23. dxe5 Rxd1+ 24. Rxd1 Nd5 25. Bh3 Ba6 26. Nbc1 Kc7 27. f4 Ne3 28. Re1 Rd8 29. Ng1 Nc4 30. Nf3 Nd2+ 31. Nxd2 Rxd2 32. Bf1 Bxf1 33. Rxf1 Rg2 34. Rf3 Bc5 35. Nd3 Bg1 36. Ne1 Re2 37. Rf1 Bf2 38. Nd3 Bxg3 39. Rg1 Bxh4 40. Rh1 Bg3 41. Rxh5 Kd7 42. Rh1 c5 43. b3 Re3 44. Rf1 Kc6 45. Kb2 Kd5 46. Rh1 Rf3 47. Rh7 Bxf4 48. Nxf4+ Rxf4 49. Rxf7 a5 50. Rb7 Kxe5 51. Rxb6 a4 52. b4 cxb4 53. axb4 Kd5 54. Kc3 Rf3+ 55. Kd2 e5 56. b5 a3 57. Ra6 Kc5 58. b6 Kc6 59. c4 Kb7 60. Ra5 Kxb6 61. Rb5+ Ka6 62. Rxe5 a2 63. Re8 Kb7 0-1

[Event "Barcelona Sant Marti op 2nd"]
[Site "Barcelona"]
[Date "2013.02.28"]
[Round "7"]
[White "Sanchez Ibern, Marc"]
[Black "Rios Berral, Javier"]
[Result "1-0"]
[WhiteElo "2356"]
[BlackElo "1874"]
[PlyCount "55"]
[EventDate "2013.01.17"]
[EventType "swiss"]
[EventRounds "9"]
[EventCountry "ESP"]
[SourceTitle "EXT 2014"]
[Source "ChessBase"]
[SourceDate "2013.11.20"]
[SourceVersion "1"]
[SourceVersionDate "2013.11.20"]
[SourceQuality "1"]

1. Nf3 c5 2. c4 Nc6 3. Nc3 Nf6 4. e4 e5 5. g3 d6 6. Bg2 Be7 7. d3 Bg4 8. h3 Be6 9. Be3 0-0 10. 0-0 a6 11. Ng5 Bd7 12. f4 h6 13. Nf3 Nh5 14. Kh2 exf4 15. gxf4 Nf6 16. Nd5 Nxd5 17. cxd5 Na7 18. d4 c4 19. f5 b5 20. Qd2 Kh7 21. Ng1 Bf6 22. Ne2 a5 23. Bf4 Qc7 24. Ng3 b4 25. Nh5 Be7 26. f6 Bxf6 27. Nxf6+ gxf6 28. Bxh6 1-0

[Event "Catalunya-chT Honor"]
[Site "Catalunya"]
[Date "2013.02.23"]
[Round "6.4"]
[White "Sanchez Ibern, Marc"]
[Black "Libiszewski, Fabien"]
[Result "1/2-1/2"]
[WhiteElo "2356"]
[BlackElo "2495"]
[PlyCount "59"]
[EventDate "2013.01.19"]
[EventType "team-tourn"]
[EventRounds "11"]
[EventCountry "ESP"]
[SourceTitle "EXT 2014"]
[Source "ChessBase"]
[SourceDate "2013.11.20"]
[SourceVersion "1"]
[SourceVersionDate "2013.11.20"]
[SourceQuality "1"]
[WhiteTeam "Foment Martinenc"]
[BlackTeam "Barcelona Escola Escacs"]
[WhiteTeamCountry "ESP"]
[BlackTeamCountry "ESP"]

1. e4 c5 2. Nc3 Nc6 3. Nge2 g6 4. d4 cxd4 5. Nxd4 Bg7 6. Nde2 Nf6 7. g3 b5 8. Bg2 Rb8 9. 0-0 d6 10. Nd5 Nd7 11. c3 0-0 12. a4 b4 13. Nd4 Nxd4 14. cxd4 e6 15. Nf4 Ba6 16. Re1 Qc7 17. Be3 Rfc8 18. Rc1 Qa5 19. b3 Rc3 20. Bd2 Rxc1 21. Bxc1 Rc8 22. Bb2 Qc7 23. Bf1 Bb7 24. Bc4 Kh8 25. Qd2 a5 26. f3 Qb6 27. Kg2 Nf6 28. h4 Ba6 29. Bxa6 Qxa6 30. Rc1 1/2-1/2

[Event "Gibraltar Masters 11th"]
[Site "Caleta"]
[Date "2013.01.26"]
[Round "5"]
[White "Sanchez Ibern, Marc"]
[Black "Baert, Andy"]
[Result "1-0"]
[WhiteElo "2356"]
[BlackElo "2154"]
[PlyCount "81"]
[EventDate "2013.01.22"]
[EventType "swiss"]
[EventRounds "10"]
[EventCountry "GGB"]
[SourceTitle "CBM 153"]
[Source "ChessBase"]
[SourceDate "2013.03.14"]
[SourceVersion "1"]
[SourceVersionDate "2013.03.14"]
[SourceQuality "1"]

1. e4 e5 2. Nf3 Nc6 3. d4 exd4 4. Nxd4 Nf6 5. Nxc6 bxc6 6. e5 Qe7 7. Qe2 Nd5 8. c4 Nb6 9. Nc3 Qe6 10. Qe4 Bb4 11. Bd2 Ba6 12. b3 Bxc3 13. Bxc3 d5 14. cxd5 cxd5 15. Qb4 Bxf1 16. Rxf1 Rc8 17. 0-0-0 a6 18. Qc5 Qe7 19. Bb4 Qxc5+ 20. Bxc5 Kd7 21. f4 f5 22. g4 Ke6 23. Kb2 Rhd8 24. Rd3 Nd7 25. gxf5+ Kxf5 26. Be7 Re8 27. Ba3 Nb6 28. Rg3 g6 29. Rg5+ Ke4 30. Bc5 d4 31. h4 Nd7 32. Bxd4 Kxd4 33. Rd1+ Ke4 34. Rxd7 Kxf4 35. Rf7+ Ke4 36. Rxh7 Rxe5 37. Rxg6 a5 38. Rc6 Kd5 39. Rcxc7 Re2+ 40. Ka3 Rg8 41. Rhd7+ 1-0

[Event "Barcelona Nadal op 3rd"]
[Site "Barcelona"]
[Date "2012.12.31"]
[Round "5"]
[White "Sanchez Ibern, Marc"]
[Black "Mas Recorda, Pere"]
[Result "1-0"]
[WhiteElo "2338"]
[BlackElo "2025"]
[PlyCount "143"]
[EventDate "2012.12.27"]
[EventType "swiss"]
[EventRounds "9"]
[EventCountry "ESP"]
[SourceTitle "EXT 2015"]
[Source "ChessBase"]
[SourceDate "2014.11.20"]
[SourceVersion "1"]
[SourceVersionDate "2014.11.20"]
[SourceQuality "1"]

1. e4 e6 2. d4 d5 3. Nc3 Nf6 4. Bg5 Be7 5. e5 Nfd7 6. Bxe7 Qxe7 7. f4 a6 8. Nf3 c5 9. Qd2 Nc6 10. dxc5 Nxc5 11. Bd3 Nxd3+ 12. Qxd3 f5 13. exf6 Qxf6 14. g3 Bd7 15. 0-0-0 0-0-0 16. Rhe1 h6 17. h4 Rhe8 18. Kb1 Re7 19. Qd2 Be8 20. Ne5 Rc7 21. Nxc6 Rxc6 22. Re5 Bg6 23. Qe3 Kb8 24. Rd4 Rdc8 25. Ra4 Bf5 26. Qg1 Qg6 27. Re2 Rc4 28. Rxc4 Rxc4 29. Qe1 Rc8 30. Rd2 Ka8 31. Qf2 Rc6 32. Na4 Kb8 33. Nc5 Qf7 34. Qe3 Qc7 35. Nd3 Be4 36. a3 Rc4 37. Qe2 Rc6 38. Ne5 Rc5 39. Qf2 Ka8 40. Nf3 Rc4 41. Nd4 Qc8 42. Qe3 Qe8 43. Ne2 Qg6 44. Nc3 Bf5 45. b3 Rc8 46. Kb2 Qf6 47. Rd4 Qd8 48. Rb4 Qc7 49. Qd4 g6 50. Rb6 h5 51. Rb4 Qc5 52. Qxc5 Rxc5 53. Rd4 Kb8 54. Rd2 Bg4 55. Ne2 Rc6 56. Nd4 Rc8 57. Rd3 Rc7 58. Re3 Re7 59. Re5 Kc7 60. Rg5 Kd7 61. Rxg6 e5 62. fxe5 Rxe5 63. Rg7+ Kc8 64. Rg8+ Kc7 65. Rg7+ Kc8 66. Rg5 Re3 67. Nf5 Rf3 68. Ne7+ Kd7 69. Nxd5 Rxg3 70. Nf6+ Kc6 71. Nxh5 Rg2 72. Nf6 1-0

[Event "Barcelona Chavarria Memorial 1st"]
[Site "Barcelona"]
[Date "2012.11.21"]
[Round "8"]
[White "Sanchez Ibern, Marc"]
[Black "Gallart Zafra, Jaume"]
[Result "1-0"]
[WhiteElo "2332"]
[BlackElo "2217"]
[PlyCount "131"]
[EventDate "2012.10.03"]
[EventType "swiss"]
[EventRounds "9"]
[EventCountry "ESP"]
[SourceTitle "EXT 2014"]
[Source "ChessBase"]
[SourceDate "2013.11.20"]
[SourceVersion "1"]
[SourceVersionDate "2013.11.20"]
[SourceQuality "1"]

1. e4 c5 2. Nc3 d6 3. Nge2 e6 4. g3 g6 5. d4 Nc6 6. Bg2 a6 7. 0-0 Bg7 8. dxc5 dxc5 9. Qxd8+ Kxd8 10. Na4 Nd4 11. Rd1 Kc7 12. Nxd4 cxd4 13. Bd2 b6 14. c3 Bd7 15. b3 Bxa4 16. bxa4 d3 17. Bf4+ e5 18. Be3 Nf6 19. Rxd3 Rhd8 20. Rxd8 Rxd8 21. Rb1 Rd6 22. f3 Nd7 23. Bf1 Rc6 24. Bxa6 Rxc3 25. Rc1 Rxc1+ 26. Bxc1 Nc5 27. Bb5 f5 28. exf5 gxf5 29. Bb2 Kd6 30. Bc3 Ne6 31. Kf2 e4 32. Bb4+ Kd5 33. fxe4+ fxe4 34. a5 Nd4 35. Ba6 e3+ 36. Kf1 bxa5 37. Bxa5 Ke4 38. Bb6 Bf8 39. a4 Bb4 40. Bb7+ Kd3 41. Ba6+ Ke4 42. Be2 Nb3 43. Bb5 Nd4 44. Ba6 Nb3 45. Ke2 Nd4+ 46. Kf1 Nb3 47. g4 Kf3 48. Bb7+ Kf4 49. h3 Bd2 50. Bc7+ Kg5 51. Bd8+ Kf4 52. Bc7+ Kg5 53. Bd5 Nd4 54. Bc4 Kh4 55. Bb6 Nc6 56. Kg2 h5 57. gxh5 Kxh5 58. Bb5 Na5 59. Kf3 Nb3 60. Bxe3 Bc3 61. Bd7 Ba5 62. Ke4 Nd2+ 63. Kd3 Nf1 64. Bf4 Kh4 65. Kc4 Ng3 66. Kb5 1-0

[Event "Barcelona Sant Marti 4th"]
[Site "Barcelona"]
[Date "2012.11.17"]
[Round "8"]
[White "Sanchez Ibern, Marc"]
[Black "Exposito Amaro, Josue"]
[Result "1-0"]
[WhiteElo "2332"]
[BlackElo "2287"]
[PlyCount "91"]
[EventDate "2012.09.29"]
[EventType "tourn"]
[EventRounds "9"]
[EventCountry "ESP"]
[EventCategory "3"]
[SourceTitle "CBM 151 Extra"]
[Source "ChessBase"]
[SourceDate "2012.12.18"]
[SourceVersion "1"]
[SourceVersionDate "2012.12.18"]
[SourceQuality "1"]

1. e4 e6 2. d4 d5 3. Nc3 dxe4 4. Nxe4 Qd5 5. Qd3 Nc6 6. c3 e5 7. dxe5 Qxd3 8. Bxd3 Nxe5 9. Be2 Bf5 10. Ng3 Nd3+ 11. Bxd3 Bxd3 12. Bf4 0-0-0 13. 0-0-0 h5 14. Nf3 f6 15. Nd4 Bc4 16. b3 Bd5 17. Nb5 Bc5 18. Bxc7 Rd7 19. Nf5 Bc6 20. Rxd7 Bxd7 21. Bd6 Bxf2 22. Rf1 Bb6 23. Bg3 Bxb5 24. Nd6+ Kd7 25. Nxb5 h4 26. Bf2 Bxf2 27. Rxf2 a6 28. Rd2+ Ke6 29. Nd6 b5 30. Ne8 g5 31. Nc7+ Ke5 32. Nxa6 Nh6 33. Nc7 b4 34. cxb4 Rc8 35. Rc2 Ng4 36. a4 Ne3 37. Rc3 Nxg2 38. b5 g4 39. b6 Nf4 40. Kc2 Nh5 41. Rc5+ Ke4 42. Rxh5 h3 43. a5 f5 44. a6 f4 45. b7 Rxc7+ 46. Kb2 1-0

[Event "Barcelona Chavarria Memorial 1st"]
[Site "Barcelona"]
[Date "2012.11.14"]
[Round "7"]
[White "Sanchez Ibern, Marc"]
[Black "Almirall Botella, Jaume"]
[Result "1-0"]
[WhiteElo "2332"]
[BlackElo "2074"]
[PlyCount "47"]
[EventDate "2012.10.03"]
[EventType "swiss"]
[EventRounds "9"]
[EventCountry "ESP"]
[SourceTitle "EXT 2014"]
[Source "ChessBase"]
[SourceDate "2013.11.20"]
[SourceVersion "1"]
[SourceVersionDate "2013.11.20"]
[SourceQuality "1"]

1. e4 Nf6 2. e5 Nd5 3. d4 d6 4. Nf3 Bg4 5. Be2 c6 6. Ng5 Bxe2 7. Qxe2 e6 8. 0-0 Qc7 9. c4 Ne7 10. exd6 Qxd6 11. Rd1 Nd7 12. Nc3 h6 13. Nge4 Qb8 14. d5 cxd5 15. cxd5 e5 16. Nb5 Nc8 17. d6 Kd8 18. Nc7 Bxd6 19. Nxa8 Ke7 20. b3 b5 21. Bb2 f6 22. Rac1 Qxa8 23. Nxd6 Nxd6 24. Ba3 1-0